| 000 | 01555cam a22004093a 4500 | ||
|---|---|---|---|
| 001 | 16858259 | ||
| 003 | OSt | ||
| 005 | 20140310182225.0 | ||
| 008 | 941025s1994 nyu j 000 1 eng d | ||
| 010 | _a 2011658384 | ||
| 020 | _a9780553481013 (pbk.) | ||
| 020 | _a0553481010 (pbk.) | ||
| 035 | _a(OCoLC)ocm31354414 | ||
| 035 | _a(OCoLC)31354414 | ||
| 040 |
_aORL _cORL _dJED _dBTCTA _dBAKER _dNZFRA _dQJB _dTXSCH _dDLC |
||
| 042 | _alccopycat | ||
| 050 | 0 | 0 |
_aPZ 7 _b.Su968s83 1994 |
| 082 |
_aFIC _bSu9sv #83 |
||
| 100 | 1 |
_aSuzanne, Jamie. _94455 |
|
| 245 | 1 | 0 |
_aAmy's secret sister / _cwritten by Jamie Suzanne ; created by Francine Pascal. |
| 260 |
_aNew York : _bBantam Books, _c1994. |
||
| 300 |
_a134 p. ; _c19 cm. |
||
| 490 | 1 |
_aSweet Valley twins and friends _v#83 |
|
| 490 | 0 | _aSweet Valley twins and friends series | |
| 490 | 0 | _aA Bantam Book | |
| 520 | _aAmy Sutton has just made a discovery that will change her life forever: Before her father married her mother, he was married to someone else. And not only that--he and his former wife had a baby. Amy has a sister! | ||
| 650 | 0 |
_aTwins _vFiction. _917658 |
|
| 655 | 7 |
_aChildren's stories. _2lcsh _93012 |
|
| 655 | 7 |
_aYoung adult fiction. _2lcsh _93735 |
|
| 700 | 1 |
_aPascal, Francine. _93767 |
|
| 710 | 2 |
_aCopyright Paperback Collection (Library of Congress) _5DLC _9705 |
|
| 830 | 0 |
_aSweet Valley twins and friends ; _v#83. _917659 |
|
| 906 |
_a0 _bibc _ccopycat _d2 _encip _f20 _gy-genrareb |
||
| 942 |
_2lcc _cBK-FIC |
||
| 999 |
_c10777 _d10777 |
||